000 00674nam a22002057a 4500
999 _c180777
_d180777
005 20210817161513.0
010 _aENG-129879
020 _c1280.00
035 _aEN-113411
037 _bDBAD/PUB
082 _a079.5456
100 _aBhargava,Sheela
245 _aCorporate culture and work Ethics in Indian print media Industry:
_cSheela Bhargava
250 _a2021
260 _aNew Delhi
_bKnowledge Publisher
_c2020
270 _bNew Delhi
_a4233/1, First Floor, Ansari Rd, nea, Daryaganj,
_e 110002
_k91-1123263498
_mproduction@kwpub.com
300 _axvi;230p.
_c22cm (hbk)
500 _aincludes bibliography
942 _2ddc
_cEN
_kBHA
_h158.1